000 00925pam a2200277 a 4500
001 3381356
003 ARRUPE
005 20150325164007.0
008 880114t19881987pau b 001 0 eng
010 _a 88001056
020 _a1556350007 (pbk.)
040 _aDLC
_cDLC
_dDLC
050 0 0 _aBV639.W7
_bL54 1988
082 0 0 _a261.8/344
_219
100 1 _aLoades, Ann.
_916501
245 1 0 _aSearching for lost coins :
_bexplorations in Christianity and feminism /
_cAnn Loades.
260 _aAllison Park, Pa. :
_bPickwick Publications,
_c1988, c1987.
300 _ax, 118 p. ;
_c22 cm.
440 0 _aPrinceton theological monograph series ;
_v14
_916502
500 _aIncludes index.
504 _aBibliography: p. 105-114.
650 0 _aWomen in Christianity.
_916503
650 0 _aFeminism
_xReligious aspects
_xChristianity.
_916504
906 _a7
_bcbc
_corignew
_d1
_eocip
_f19
_gy-gencatlg
942 _2lcc
_cMONOGRAPH
999 _c122483
_d122483